Understanding information technology : (Record no. 88726)

MARC details
000 -LEADER
fixed length control field 00672nam a22001937a 4500
005 - DATE AND TIME OF LATEST TRANSACTION
control field 20140923145033.0
010 ## - LCCN (DPL NO)
LC control number ENG-110886
020 ## - INTERNATIONAL STANDARD BOOK NUMBER
International Standard Book Number 9789351431916
Terms of availability 350.00
035 ## - SYSTEM CONTROL NUMBER
System control number EN-94418
037 ## - SOURCE OF ACQUISITION
Source of stock number/acquisition DBAD/PUB
082 ## - DEWEY DECIMAL CLASSIFICATION NUMBER
Classification number 004
100 ## - MAIN ENTRY--PERSONAL NAME
Personal name Trivedi, Om S.
245 ## - TITLE STATEMENT
Title Understanding information technology :
Statement of responsibility, etc by Om S Trivedi ;edited by Eesha Narang
Remainder of title a self study module for CA-intermediate (IPC) course /
260 ## - PUBLICATION, DISTRIBUTION, ETC. (IMPRINT)
Place of publication, distribution, etc Gurgaon
Name of publisher, distributor, etc Lexis Nexis
Date of publication, distribution, etc 2014
270 ## - ADDRESS
Address 14th Floor, Building No.10, Tower-B, DLF Cyber City, Phase-II
City Gurgaon
Postal code 122002
300 ## - PHYSICAL DESCRIPTION
Extent xiii,291p. :
Dimensions 28cm(pbk)
Other physical details ill.
700 ## - ADDED ENTRY--PERSONAL NAME
Personal name Narang, Eesha
942 ## - ADDED ENTRY ELEMENTS (KOHA)
Source of classification or shelving scheme Dewey Decimal Classification
Item type English Books
Call number suffix TRI
Classification part 004
Holdings
Withdrawn status Lost status Not for loan Collection code Home library Current library Date acquired Source of acquisition Cost, normal purchase price Full call number Barcode Copy number Cost, replacement price Koha item type
    Not For Loan Non-fiction D.B.Act.Division D.B.Act.Division 17/09/2014 DBAD/PUB 350.00 004 TRI EN-94418 1 350.00 English Books

© Delhi Public Library
Hit Counter
free hit counter